|
|
|
|
| LEADER |
02167nam a22004093i 4500 |
| 001 |
EBC6743491 |
| 003 |
MiAaPQ |
| 005 |
20231204023218.0 |
| 006 |
m o d | |
| 007 |
cr cnu|||||||| |
| 008 |
231204s2002 xx o ||||0 eng d |
| 020 |
|
|
|a 9780472902026
|q (electronic bk.)
|
| 020 |
|
|
|z 9781929280070
|
| 035 |
|
|
|a (MiAaPQ)EBC6743491
|
| 035 |
|
|
|a (Au-PeEL)EBL6743491
|
| 035 |
|
|
|a (OCoLC)1184508227
|
| 040 |
|
|
|a MiAaPQ
|b eng
|e rda
|e pn
|c MiAaPQ
|d MiAaPQ
|
| 050 |
|
4 |
|a PL856
|
| 082 |
0 |
|
|a 895.6/35
|
| 100 |
1 |
|
|a Strecher, Matthew.
|
| 245 |
1 |
0 |
|a Dances with Sheep :
|b The Quest for Identity in the Fiction of Murakami Haruki.
|
| 250 |
|
|
|a 1st ed.
|
| 264 |
|
1 |
|a Ann Arbor :
|b University of Michigan, Center for Japanese Studies,
|c 2002.
|
| 264 |
|
4 |
|c Ã2002.
|
| 300 |
|
|
|a 1 online resource (255 pages)
|
| 336 |
|
|
|a text
|b txt
|2 rdacontent
|
| 337 |
|
|
|a computer
|b c
|2 rdamedia
|
| 338 |
|
|
|a online resource
|b cr
|2 rdacarrier
|
| 490 |
1 |
|
|a Michigan Monograph Series in Japanese Studies ;
|v v.37
|
| 505 |
0 |
|
|a Cover -- Title -- Copyright -- Dedication -- Contents -- Preface -- Acknowledgments -- Abbreviations -- Introduction: The Cultural Milieu of Murakami Haruki -- Chapter One: Mimesis, Formula, and Identity -- Chapter Two: Metonymy, Magic Realism, and the Opening of the "Other -- Chapter Three: Desire, the Symbolic Order, and Mass Society -- Chapter Four: Historiography, Ideology, and the Politics of Representation -- Conclusion: The Reluctant Postmodernist -- Bibliography -- Index.
|
| 588 |
|
|
|a Description based on publisher supplied metadata and other sources.
|
| 590 |
|
|
|a Electronic reproduction. Ann Arbor, Michigan : ProQuest Ebook Central, 2023. Available via World Wide Web. Access may be limited to ProQuest Ebook Central affiliated libraries.
|
| 655 |
|
4 |
|a Electronic books.
|
| 776 |
0 |
8 |
|i Print version:
|a Strecher, Matthew
|t Dances with Sheep
|d Ann Arbor : University of Michigan, Center for Japanese Studies,c2002
|z 9781929280070
|
| 797 |
2 |
|
|a ProQuest (Firm)
|
| 830 |
|
0 |
|a Michigan Monograph Series in Japanese Studies
|
| 856 |
4 |
0 |
|u https://ebookcentral.proquest.com/lib/matrademy/detail.action?docID=6743491
|z Click to View
|